01663nam a2200349 a 4500001001000000003000900010005001700019008004100036040002500077041003800102049000900140082002200149245011600171260005700287300002100344490001100365505049900376650004400875650002600919700002400945700002600969700002500995700002201020700002701042700002901069700002201098700002301120830001701143942001401160952012201174999001701296000024206DO-SdBNP20251029134809.0110120s1970 ve r 000 e spa d aDO-SdBNPbspacBNPHU17agemhspa2Código de idioma MARC aBNGR 4a305.55bP742i22200aPoder e impotencia de los intelectuales :bensayos /cKurt Hoffman...[et al.];Versión castellana, Willy Kemp. aCaracas, (Venezuela) :bMonte Avila Editores,c1970. a196 p. ;c20 cm.1 aPrisma0 tLa aparición de los intelectuales en la historia /rGolo ManntLas criaturas que preocupan a la iglesia /rWalter DirkstLos ideólogos de la revolución /rWalter LaqueurtImpotencia y poder de los intelectuales en el mundo socialista /rErnst FischertEl engagement de Jean-Paul Sartre /rJean AmerytHigh Brown y cabezas de huevo /rAnthony HartleytLos intelectuales de América /rHerbert Von BorchtLos intelectuales y los tabúes / Carl AmeryrCarl AmerytLos autores de este libro 4aIntelectualesxAspectos sociales943821 0aVida intelectual93331 aWalter Dirks9497141 aWalter Laqueur9497151 aErnst Fischer9497161 aJean Amery9497171 aAnthony Hartley9497181 aHerbert Von Borch9497191 aCarl Amery9497201 aKemp, Willy943830 0aPrisma93770 2ddccLBS1 001054708MOaGRbGRcCTd2011-01-20iLF1l0o305.55 P742ip24206-10r2020-06-25w2020-06-25y4ZPréstamo en sala c23700d23700